Score 0/20 Timer 04:00
0 Plays Today
Question Answer % Correct
Who tries to write a 'Fearless' spell?Piper
91.8%
Who becomes the Goddess of War?Paige
86.2%
What is Wyatt's middle name created in honor of Paige?Matthew
85.7%
Who is Phoebe's chainsaw nightmare attacker really?Herself
84.2%
In that same episode, what does Leo become?Elder
79.5%
In Sense and Sensibility, what does Phoebe lose?Hearing
79.1%
Who becomes the Charmed Ones new whitelighter?Chris
79%
In Sense and Sensibility, what does Piper lose?Sight
78.8%
In 'Happily Ever After', who does Paige turn into?Snow White
78.2%
In 'Witches in Tights', what type of people do the Charmed Ones turn into?Superheroes
71.9%
Question Answer % Correct
Who is the Necromancer's Lover?Penny Halliwell
70.8%
In Sense and Sensibility, what does Paige lose?Voice
70.7%
In 'Oh My Goddess' who do the Charmed Ones fight?The Titans
68.2%
Who does Paige meet for the first time in this season?Her father, Sam
63.4%
What demon acquires Cole's powers when they are stripped from him?Barbas
57.7%
Who is Jeric's dead lover that he is trying to preserve in a Charmed Ones body?Isis
57.6%
Which villain is after a mermaid?The Sea Hag
55.2%
In Sense and Sensibility, who does Phoebe fall for?Jason Dean
52%
Who does Phoebe save that is preordained to die?Miles
46.5%
In 'The Day the Magic Died' hat kind of child is Wyatt described as?A twice blessed child
40.5%
Remove Ads.
Support Sporcle.
Get the best of Sporcle when you Go Orange. This ad-free experience offers more features, more stats, and more fun while also helping to support Sporcle. Thank you for becoming a member.

You're not logged in!

Compare scores with friends on all Sporcle quizzes.
OR
Log In

Show Comments

Extras

Created Nov 20, 2010ReportNominate
Tags:Charmed

Top Quizzes Today


Score Distribution

Your Account Isn't Verified!

In order to create a playlist on Sporcle, you need to verify the email address you used during registration. Go to your Sporcle Settings to finish the process.

Report this User

Report this user for behavior that violates our Community Guidelines.

Details: